|
|
|
|
| LEADER |
00000nam0a2200000 4500 |
| 001 |
267269 |
| 005 |
20231101234053.0 |
| 020 |
|
|
|a RU
|b 87-11085
|
| 035 |
|
|
|a (RuTPU)RU\TPU\book\290325
|
| 090 |
|
|
|a 267269
|
| 100 |
|
|
|a 20140725d1987 k y0rusy5003 ca
|
| 101 |
0 |
|
|a rus
|
| 102 |
|
|
|a BY
|
| 105 |
|
|
|a a z 001zy
|
| 200 |
1 |
|
|a Проблема устойчивости движения тел в общей теории относительности
|f А. П. Рябушко
|
| 210 |
|
|
|a Минск
|c Вышэйшая школа
|d 1987
|
| 215 |
|
|
|a 112 с.
|c ил.
|
| 320 |
|
|
|a Библиогр.: с. 103-111.
|
| 606 |
1 |
|
|a Относительности теория
|2 stltpush
|3 (RuTPU)RU\TPU\subj\47735
|9 66647
|
| 610 |
1 |
|
|a устойчивость
|
| 610 |
1 |
|
|a тела
|
| 610 |
1 |
|
|a движение
|
| 610 |
1 |
|
|a неустойчивость
|
| 610 |
1 |
|
|a метод Ляпунова
|
| 610 |
1 |
|
|a метод Лагранжа
|
| 675 |
|
|
|a 530.12
|v 3
|
| 700 |
|
1 |
|a Рябушко
|b А. П.
|g Антон Петрович
|
| 801 |
|
0 |
|a RU
|b RuMRKP
|c 19950417
|g psbo
|
| 801 |
|
1 |
|a RU
|b 63413507
|c 20140725
|
| 801 |
|
2 |
|a RU
|b 63413507
|c 20150917
|g RCR
|
| 942 |
|
|
|c BK
|